000
00273nam a22001217a 4500
008
230621b xxu||||| |||| 00| 0 eng d
082
_a
328.06
_b
IPU
100
_c
IPU
245
_a
Repertoire
_b
Directory
260
_b
IPU
_c
2005
300
_a
various paging
942
_2
ddc
_c
BK
999
_c
2138
_d
2138